<?xml version="1.0" encoding="UTF-8"?>
<collection xmlns="http://www.loc.gov/MARC21/slim">
<record>
  <controlfield tag="001">39397</controlfield>
  <controlfield tag="003">SzGeCERN</controlfield>
  <controlfield tag="005">20241120145400.0</controlfield>
  <datafield tag="024" ind1="8" ind2=" ">
    <subfield code="a">oai:cds.cern.ch:39397</subfield>
    <subfield code="p">cerncds:FULLTEXT</subfield>
  </datafield>
  <datafield tag="590" ind1=" " ind2=" ">
    <subfield code="a">Ce tableau montre les differents stades de l'evolution de l'Univers, du Big Bang a nos jours.</subfield>
  </datafield>
  <datafield tag="856" ind1="4" ind2=" ">
    <subfield code="q">http://preprints.cern.ch/photo/photo-di/9108002.gif</subfield>
    <subfield code="x">icon</subfield>
  </datafield>
  <datafield tag="856" ind1="4" ind2=" ">
    <subfield code="q">http://preprints.cern.ch/cgi-bin/setlink?base=PHO&amp;categ=photo-di&amp;id=9108002</subfield>
    <subfield code="x">1</subfield>
    <subfield code="y">Access to the pictures</subfield>
  </datafield>
  <datafield tag="856" ind1="4" ind2=" ">
    <subfield code="8">2564542</subfield>
    <subfield code="s">1580533</subfield>
    <subfield code="u">http://cds.cern.ch/record/39397/files/9108002.jpg</subfield>
    <subfield code="z">CDSINTERNAL|MediaArchive|Migrated from: \\cern.ch\dfs\Services\MediaArchive\Photo\Masters\1991\9108002\9108002.jpg</subfield>
  </datafield>
  <datafield tag="856" ind1="4" ind2=" ">
    <subfield code="8">2564542</subfield>
    <subfield code="s">253603</subfield>
    <subfield code="u">http://cds.cern.ch/record/39397/files/9108002.jpg?subformat=icon-1440</subfield>
    <subfield code="x">icon-1440</subfield>
    <subfield code="z">CDSINTERNAL|MediaArchive|Migrated from: http://mediaarchive.cern.ch/MediaArchive/Photo/Public/1991/9108002/9108002/9108002-A4-at-144-dpi.jpg</subfield>
  </datafield>
  <datafield tag="856" ind1="4" ind2=" ">
    <subfield code="8">2564542</subfield>
    <subfield code="s">41308</subfield>
    <subfield code="u">http://cds.cern.ch/record/39397/files/9108002.jpg?subformat=icon-720</subfield>
    <subfield code="x">icon-720</subfield>
    <subfield code="z">CDSINTERNAL|MediaArchive|Migrated from: http://mediaarchive.cern.ch/MediaArchive/Photo/Public/1991/9108002/9108002/9108002-A5-at-72-dpi.jpg</subfield>
  </datafield>
  <datafield tag="856" ind1="4" ind2=" ">
    <subfield code="8">2564542</subfield>
    <subfield code="s">7627</subfield>
    <subfield code="u">http://cds.cern.ch/record/39397/files/9108002.jpg?subformat=icon-180</subfield>
    <subfield code="x">icon-180</subfield>
    <subfield code="z">CDSINTERNAL|MediaArchive|Migrated from: http://mediaarchive.cern.ch/MediaArchive/Photo/Public/1991/9108002/9108002/9108002-Icon.jpg</subfield>
  </datafield>
  <datafield tag="520" ind1=" " ind2=" ">
    <subfield code="a">This picture shows the different stages of development of the Universe from the Big Bang to the present day.</subfield>
  </datafield>
  <datafield tag="960" ind1=" " ind2=" ">
    <subfield code="a">81</subfield>
  </datafield>
  <datafield tag="961" ind1=" " ind2=" ">
    <subfield code="c">20031203</subfield>
    <subfield code="h">0855</subfield>
    <subfield code="l">MMD01</subfield>
    <subfield code="x">19980505</subfield>
  </datafield>
  <datafield tag="963" ind1=" " ind2=" ">
    <subfield code="a">PUBLIC</subfield>
  </datafield>
  <datafield tag="541" ind1=" " ind2=" ">
    <subfield code="e">DI-2-8-91</subfield>
  </datafield>
  <datafield tag="542" ind1=" " ind2=" ">
    <subfield code="d">CERN</subfield>
    <subfield code="g">1991</subfield>
  </datafield>
  <datafield tag="980" ind1=" " ind2=" ">
    <subfield code="a">PHOTOLAB</subfield>
  </datafield>
  <datafield tag="970" ind1=" " ind2=" ">
    <subfield code="a">000000536MMD</subfield>
  </datafield>
  <datafield tag="245" ind1=" " ind2=" ">
    <subfield code="a">History of the Universe</subfield>
  </datafield>
  <datafield tag="260" ind1=" " ind2=" ">
    <subfield code="c">1991</subfield>
  </datafield>
  <datafield tag="650" ind1="1" ind2="7">
    <subfield code="2">SzGeCERN</subfield>
    <subfield code="a">Diagrams and charts</subfield>
  </datafield>
  <datafield tag="595" ind1=" " ind2=" ">
    <subfield code="a">Press</subfield>
    <subfield code="s">Physics diagrams and charts</subfield>
  </datafield>
  <datafield tag="595" ind1=" " ind2=" ">
    <subfield code="a">Press</subfield>
    <subfield code="s">Press Photos</subfield>
  </datafield>
  <datafield tag="595" ind1=" " ind2=" ">
    <subfield code="a">Press</subfield>
    <subfield code="s">Physics and Diagrams</subfield>
  </datafield>
  <datafield tag="269" ind1=" " ind2=" ">
    <subfield code="c">Aug 1991</subfield>
  </datafield>
  <datafield tag="916" ind1=" " ind2=" ">
    <subfield code="s">n</subfield>
    <subfield code="w">199819</subfield>
  </datafield>
  <datafield tag="037" ind1=" " ind2=" ">
    <subfield code="a">CERN-DI-9108002</subfield>
  </datafield>
  <datafield tag="035" ind1=" " ind2=" ">
    <subfield code="9">PHOPHO</subfield>
    <subfield code="a">0000536</subfield>
  </datafield>
</record>

</collection>